El funesto caciquismo político español y algo de su terapéutica / (Record no. 142432)

MARC details
000 -LEADER
campo de control de longitud fija 00506nam a2200157 i 4500
001 - NÚMERO DE CONTROL
campo de control 142432
003 - IDENTIFICADOR DE NÚMERO DE CONTROL
campo de control ES-MaACL
005 - FECHA Y HORA DE LA ÚLTIMA TRANSACCIÓN
campo de control 20230906200524.0
007 - CAMPO FIJO DE DESCRIPCIÓN FÍSICA--INFORMACIÓN GENERAL
campo de control de longitud fija t|
008 - DATOS DE LONGITUD FIJA--INFORMACIÓN GENERAL
campo de control de longitud fija 071005s1908 sp ||||1| spa d
100 1# - ENTRADA PRINCIPAL--NOMBRE DE PERSONA
Nombre de persona Villaespesa Calvache, Vicente.
9 (RLIN) 114919
245 13 - MENCIÓN DEL TÍTULO
Título El funesto caciquismo político español y algo de su terapéutica /
Mención de responsabilidad, etc. Vicente Villaespesa Calveche.
260 ## - PUBLICACIÓN, DISTRIBUCIÓN, ETC.
Lugar de publicación, distribución, etc. Almería :
Nombre del editor, distribuidor, etc. [s.n.],
Fecha de publicación, distribución, etc. 1908 (
Fabricante Tip. J. Fernández Murcia)
300 ## - DESCRIPCIÓN FÍSICA
Extensión 272 p. ;
Dimensiones 22 cm.
852 ## - LOCALIZACIÓN
Ubicación ES-MaACL
Número de control de estantería F-9419
Holdings
Estatus retirado Estado de pérdida Estado de daño No para préstamo Biblioteca de origen Biblioteca actual Ubicación en estantería Fecha de adquisición Fuente de adquisición Total de préstamos Signatura topográfica completa Código de barras Visto por última vez Precio de reemplazo Tipo de ítem Koha
        Biblioteca del Ateneo de Madrid Biblioteca del Ateneo de Madrid Sala Pecera Planta 2 17/01/2008     F-9419 1148199 23/02/2023 23/02/2023 Libro impreso